Statistics for Bumper Stickers

Click here to take the quiz!

General Stats

  • This quiz has been taken 5,588 times
  • The average score is 9 of 22

Answer Stats

Bumper Sticker% Correct
{Honk} if you love Jesus
90%
{Baby} on board
83%
{God} is my co-pilot
79%
I'd {rather} {be} fishing
73%
{Free} Tibet
64%
I {brake} for tailgaters
60%
Don't steal. The {government} hates competition.
50%
I'm spending my kids' {inheritance}
46%
PETA: People Eating {Tasty} {Animals}
42%
My kid {beat} {up} your honor student
41%
{Mean} people suck
38%
{Dog} is my co-pilot
35%
He who dies with the most {toys} wins
31%
Keep Austin {weird}
25%
No {blood} for oil
25%
Bad cop! No {donut}!
24%
My {karma} just ran over your dogma
23%
It's a child, not a {choice}
20%
{Question} authority
14%
Practice random acts of kindness and
{senseless} acts of beauty
11%
{Visualize} world peace
11%
{Republicans} for Voldemort
7%

Score Distribution

Percentile by Number Answered

Percent of People with Each Score

Your Score History

You have not taken this quiz